| 000 | 00808nam a2200241 i 4500 | ||
|---|---|---|---|
| 001 | bgj | ||
| 100 | 1 | _aDAVIES, P. A. | |
| 245 | 1 | 0 |
_aSparks : _bksiążka dla nauczyciela / _cP. A. Davies ; konsultacja M. Szpotowicz, M. Szulc-Kurpaska ; przekład Katarzyna Berger-Kuźniar i Piotr Błoch. |
| 260 |
_aOxford : _bOxford University Press, _c2004. |
||
| 300 |
_a112 pp : _bill. ; _c30 cm. |
||
| 650 | 9 | _aEnglish language | |
| 655 | _aTextbooks for foreigners | ||
| 700 | 1 |
_aSZPOTOWICZ, Magdalena. _econs. |
|
| 700 | 1 |
_aSZULC-KURPASKA, Małgorzata. _econs. |
|
| 700 | 1 |
_aBERGER-KUŹNIAR, Katarzyna. _etransl. |
|
| 700 | 1 |
_aBŁOCH Piotr,. _etransl. |
|
| 020 | _a0194384225 | ||
| 040 | _cBPK | ||
| 041 | 0 |
_apol _aeng |
|
| 920 | _a0-19-438422-5 | ||
| 942 | _cKS | ||
| 008 | s pl f |000 0 pol | ||
| 999 |
_c48945 _d48945 |
||
| 856 |
_uhttp://koha.tu.koszalin.pl/cgi-bin/koha/opac-detail.pl?biblionumber=48945 _yKatalog online BPK |
||